Estatísticas para Músicas que tiveram sucesso

Clique aqui para jogar o quiz

Estatísticas Gerais

  • Esse quiz foi jogado 24 vezes
  • A pontuação média é 2 de 10

Estatísticas das Respostas

HintResposta% Correto
4.My heart Will go On
59%
2.Shallow
32%
1.Let it Go
27%
6.A Thousand Years
18%
5.The Time Of My Life
9%
9.You're the one that i Want
9%
8.Can you feel the love Tonight
5%
7.Iris
5%
10.Angel
0%
3.Summer Nights
0%

Distribuição das Pontuações

Percentil de Números Respondidos

Porcentagem de Pessoas com Cada Pontuação

Sua Pontuação Histórica

Você não jogou esse quiz